| 000 | 00625nam a2200229Ia 4500 | ||
|---|---|---|---|
| 003 | OSt | ||
| 005 | 20220928101743.0 | ||
| 006 | a|||||r|||| 00| 0 | ||
| 007 | ta | ||
| 008 | 220927b |||||||| |||| 00| 0 eng d | ||
| 024 | _a58092 | ||
| 037 | _cTextual | ||
| 040 |
_aSDCL _cSDCL _beng |
||
| 041 |
_2eng _aeng |
||
| 082 | _aR392, L7 | ||
| 100 |
_aGupta Lal Chandra _9394786 |
||
| 245 | 0 |
_aAstitatvwad _b Darshanik tatha sahityk bhumika. |
|
| 260 |
_aPatiyala _bAnupam Prakashan Mandir _c1977 |
||
| 300 |
_a122p _ccm. |
||
| 942 |
_hR392, L7 _cTEXL _2CC |
||
| 999 |
_c710389 _d710389 |
||